Multigrid methods
Αποθηκεύτηκε σε:
| Άλλοι συγγραφείς: | |
|---|---|
| Μορφή: | Βιβλίο |
| Γλώσσα: | English |
| Δημοσίευση: |
Philadelphia, Pa. :
Society for Industrial and Applied Mathematics,
1987.
|
| Σειρά: | Frontiers in applied mathematics ;
3 |
| Θέματα: | |
| Ετικέτες: |
Προσθήκη ετικέτας
Δεν υπάρχουν, Καταχωρήστε ετικέτα πρώτοι!
|
MARC
| LEADER | 00000cam a2200000 i 4500 | ||
|---|---|---|---|
| 001 | 1/25790 | ||
| 008 | 020713s1987 us ||| | eng|| | ||
| 020 | |a 0898712149 | ||
| 035 | |l 10068129 | ||
| 040 | |a GR-MyUA |b gre |e AACR2 | ||
| 041 | 0 | |a eng | |
| 082 | 0 | |a 519.4 | |
| 245 | 1 | 0 | |a Multigrid methods / |c Stephen F. McCormick, editor. |
| 260 | |a Philadelphia, Pa. : |b Society for Industrial and Applied Mathematics, |c 1987. | ||
| 300 | |a xvii, 282 σ. : |b εικ. ; |c 25 εκ. | ||
| 490 | 1 | |a (Frontiers in applied mathematics |v ; 3) | |
| 504 | |a Περιέχει βιβλιογραφικές αναφορές και ευρετήριο. | ||
| 650 | 0 | 0 | |a Multigrid methods (Numerical analysis) |
| 700 | 1 | |a McCormick, S. F. |q (Stephen Fahrney), |d 1944- |e edt | |
| 830 | 0 | |a Frontiers in applied mathematics ; |v 3 | |
| 852 | |a INST |b SAMOS |e 20020713 |h 519.4 MUL |p 005300020036 |q 005300020036 |t BK |y 0 | ||
| 901 | |a BIBL3-2002-2 | ||
| 909 | |a Σ |b 102285 | ||
| 922 | |a 3ΕΛΗ |b 200202 |c ΤΜΗΜΑ ΜΑΘΗΜΑΤΙΚΩΝ |d ΠΑΠΑΣΩΤΗΡΙΟΥ | ||
| 950 | |a 116-2002-02-20 | ||
| 970 | |a ΚΟΣΙΕΡΗΣ |b ΧΡΗΣΤΟΣ |z 2002/07/16 | ||